| 000 | 01072nam a2200289 a 4500 | ||
|---|---|---|---|
| 001 | 000017937 | ||
| 003 | DO-SdBNP | ||
| 005 | 20230202121829.0 | ||
| 008 | 100407s2002 dr 000 0 spa d | ||
| 020 | _a9993475157 | ||
| 040 |
_aBPMSU _bspa _cBPMSU |
||
| 082 |
_a928.61 _bH519i 2006 _222 |
||
| 245 | 0 | 0 |
_aIdeario de Pedro Henríquez Ureña / _crecopilación, prefacio y notas Miguel Collado ; edición Andrés Blanco Díaz. |
| 260 |
_aSanto Domingo : _bEdiciones Ferilibro, _c2006 |
||
| 300 |
_a113 p. ; _c23 cm. |
||
| 500 | _aIncluye índice temático. | ||
| 504 | _aIncluye referencias bibliográficas y notas al pie de las páginas. | ||
| 505 | 0 | _aPrefacio 13 -- Frases 15 -- Notas 85 -- Bibliografía cronológica de Pedro Henríquez Ureña 97 -- Índice | |
| 590 | _6Inventariado, 2022/VM | ||
| 600 | 1 | 4 |
_aHenríquez Ureña, Pedro _d1884-1946 |
| 650 | 4 | _aPensamiento político y social | |
| 650 | 4 | _aLiteratura dominicana | |
| 700 | 1 |
_aCollado, Miguel, _ecomp. |
|
| 700 | 1 |
_aBlanco Díaz, Andrés, _eed. |
|
| 910 | _aVMateo V. | ||
| 942 |
_2ddc _cBK |
||
| 999 |
_c14229 _d14229 |
||